Szczegóły MARC21

Współczesny katolicyzm o człowieku i cywilizacji technicznej : (ze szczególnym uwzględnieniem katolicyzmu w Polsce) /

003 -Nazwa inst., której nr kontr. jest w polu 001 [,]
    • @
    • Nazwa instytucji, której n kontrolny jest w polu 001
    • NUKAT
005 -DATA I CZAS OSTATNIEJ MODYFIKACJI [,]
    • @
    • pole kontrolne
    • 20241231091408.0
040 -Instytucja sporządzająca opis [ , ]
    • a
    • Instytucja, która sporządziła opis (NP)
    • KAT U/MK
    • c
    • Instytucja, która sporządziła rekord (NP)
    • KAT U/MK
    • d
    • Instytucja, która zmodyfikowała rekord (P)
    • KAT U/TKs
041 -Język dokumentu [0, ]
    • a
    • Język tekstu (P)
    • polski
    • b
    • Język streszczeń lub abstraktu (P)
    • angielski
942 -Rodzaj dokumentu [ , ]
    • c
    • Rodzaj dokumentu
    • Książka
100 -Hasło główne - nazwa osobowa [1, ]
    • a
    • Nazwa osobowa (NP)
    • Dębowski, Jan
    • d
    • Daty biograficzne (NP)
    • (1937- ).
    • 9
    • KHW
    • 89078
245 -Strefa tytułu i oznaczenia odpowiedzialności [1,0]
    • a
    • Tytuł
    • Współczesny katolicyzm o człowieku i cywilizacji technicznej : Find
    • b
    • Ciąg dalszy tytułu (NP)
    • (ze szczególnym uwzględnieniem katolicyzmu w Polsce) / Find
    • c
    • Pozostałe elementy strefy tytułu i oznaczenia odpowiedzialności (NP)
    • Jan Dębowski.
260 -Strefa adresu wydawniczego [ , ]
    • a
    • Miejsce wydania (P)
    • Białystok :
    • b
    • Nazwa wydawcy (P)
    • Sekcja Wydawnicza Filii Uniwersytetu Warszawskiego w Białymstoku,
    • c
    • Data wydania (P)
    • 1978.
300 -Strefa opisu fizycznego [ , ]
    • a
    • Określenie formy książki i/lub objętość (NP)
    • 398 s. ;
    • c
    • Format (NP)
    • 24 cm.
336 -Typ zawartości [ , ]
    • a
    • Termin opisujący typ zawartości
    • Tekst
    • b
    • Kod określający zawartość
    • txt
    • 2
    • Źródło (terminu i kodu)
    • rdacontent
337 -Typ mediów [ , ]
    • a
    • Tryb odtwarzania
    • Bez urządzenia pośredniczącego
    • b
    • Kod typu mediów
    • n
    • 2
    • Źródło (terminu i kodu)
    • rdamedia
338 -Typ/rodzaj nośnika [ , ]
    • a
    • Hasło opisujące typ nośnika
    • Wolumin
    • b
    • Kod typu nośnika
    • nc
    • 2
    • Źródło (terminu i kodu)
    • rdacarrier
490 -Strefa serii i książki wielotomowej - forma nie do wyszukiwania [1, ]
    • a
    • Tytuł (P)
    • Rozprawy Uniwersytetu Warszawskiego = Find
    • a
    • Tytuł (P)
    • Dissertationes Universitatis Varsoviensis ; Find
    • v
    • Numeracja (P)
    • 144
830 -Hasło dodatkowe serii i opisu książki wielotomowej - tytuł ujednolicony/tytuł [ ,0]
    • a
    • Tytuł ujednolicony/tytuł (NP)
    • Rozprawy Uniwersytetu Warszawskiego
    • x
    • ISSN
    • 0509-7177
    • v
    • Oznaczenie tomu (NP)
    • 144
    • 9
    • KHW
    • 10727
502 -Uwaga dot. dysertacji [ , ]
    • a
    • Uwaga dot. dysertacji
    • Rozprawa habilitacyjna. Uniwersytet Warszawski, 1978.
504 -Uwaga dot. bibliogr. załącznikowej [ , ]
    • a
    • Uwaga dot. bibliografii załącznikowej
    • Bibliogr. s. 367-396.
546 -Uwaga dot. języka [ , ]
    • a
    • Uwaga dot. języka
    • Streszcz. ang.
650 -Hasło przedmiotowe [ ,7]
    • a
    • Hasło przedmiotowe
    • Kościół katolicki
    • z
    • Określnik geograficzny
    • Polska
    • y
    • Określnik chronologiczny
    • 1945-1990.
    • 2
    • Źródło terminu
    • kaba
    • 9
    • KHW
    • 115646
650 -Hasło przedmiotowe [ ,7]
    • a
    • Hasło przedmiotowe
    • Kościół katolicki
    • y
    • Określnik chronologiczny
    • 20 w.
    • 2
    • Źródło terminu
    • kaba
    • 9
    • KHW
    • 115642
650 -Hasło przedmiotowe [ ,7]
    • a
    • Hasło przedmiotowe
    • Komunizm i chrześcijaństwo
    • x
    • Określnik rzeczowy
    • Kościół katolicki.
    • 2
    • Źródło terminu
    • kaba
    • 9
    • KHW
    • 114911
710 -Hasło dodatkowe - nazwa ciała zbiorowego [2, ]
    • a
    • Nazwa ciała zbiorowego lub nazwa geograficzna jako pierwszy element (NP)
    • Uniwersytet Warszawski.
    • b
    • Nazwa jednostki podrzędnej (P)
    • Filia (Białystok).
    • b
    • Nazwa jednostki podrzędnej (P)
    • Wydawnictwo.
    • 4
    • Kod relacji
    • pbl
    • 9
    • KHW
    • 74013
931 -Powiązanie tyt. z wydaw. ciągłym [ , ]
    • a
    • Powiązanie tytułówki z wydaw. ciągłym
    • PATRZ WYDAWNICTWO CIĄGŁE
    • z
    • Numer rek. powiązanego
    • 119340